Every Boston Bruins Franchise Record - Statistics

General Stats
  • This quiz has been taken 12 times
  • The average score is 31 of 54
Answer Stats
Record Set Amount Answer % Correct
Assists (season) 102 Bobby Orr
92%
Assists (road game) 6 Bobby Orr
92%
100 Point Seasons 6 Bobby Orr
92%
SH Goals (career) 36 Brad Marchand
83%
Overtime Goals (career) 21 Brad Marchand
83%
Overtime Goals (season) 5 Brad Marchand
83%
Brad Marchand
83%
Fastest Goal (game start) 0:08 Brad Marchand
83%
Shootout Goals (career) 25 Patrice Bergeron
83%
Shootout Goals (season) 6 Patrice Bergeron
83%
Goals (season) 76 Phil Esposito
83%
Points (season) 152 Phil Esposito
83%
PP Goals (season) 27 Phil Esposito
83%
30 Goal Seasons 8 Phil Esposito
83%
40 Goal Seasons 7 Phil Esposito
83%
50 Goal Seasons 5 Phil Esposito
83%
60 Goal Seasons 4 Phil Esposito
83%
Phil Esposito
83%
Hat-Tricks (career) 26 Phil Esposito
83%
Hat-Tricks (season) 7 Phil Esposito
83%
Longest Goal Streak 9 Phil Esposito
83%
Game Winning Goals (season) 16 Phil Esposito
83%
Multi-Goal Games (career) 104 Phil Esposito
83%
Ray Bourque
83%
Games Played 1,518 Ray Bourque
83%
Assists (career) 1,111 Ray Bourque
83%
Points (career) 1,506 Ray Bourque
83%
PP Goals (career) 164 Ray Bourque
83%
Goals (defenseman) 395 Ray Bourque
83%
Multi-Point Games (career) 388 Ray Bourque
83%
Multi-Assist Games (career) 243 Ray Bourque
83%
Overtime Points 28 David Pastrnak
67%
David Pastrnak
67%
Points (road game) 7 Cam Neely
58%
Seasons Played 21 Johnny Bucyk
42%
Goals (career) 545 Johnny Bucyk
42%
20 Goal Seasons 16 Johnny Bucyk
42%
Game Winning Goals (career) 88 Johnny Bucyk
42%
Tyler Seguin
33%
Overtime Assists 17 Torey Krug
25%
Assists (rookie) 70 Joe Juneau
17%
Points (rookie) 102 Joe Juneau
17%
Rick Middleton
17%
Goals (rookie) 44 Barry Pederson
8%
Longest Goal Streak (rookie) 7 Barry Pederson
8%
Youngest Player to Score a Goal 16 yrs old Bep Guidolin
0%
PP Points (game) 4 Bobby Bauer
0%
SH Goals (season) 9 Brian Rolston
0%
Longest Point Streak 22 Bronco Horvath
0%
Fastest Back-to-Back Goals 0:07 Cooney Weiland
0%
Fastest Hat-Trick (any time) 1:25 Harry Oliver
0%
Points (period) 5 Leo Labine
0%
Fastest Two Goals (game start) 0:17 Mike Knuble
0%
Longest Goal Streak (defenseman) 7 Mike O'Connell
0%
No matching quizzes found
Score Distribution
Percent of People with Each Score
Percentile by Number Answered
Your Score History
You have not taken this quiz